000 00464nam a2200157Ia 4500
008 210716s2010 xx 000 0 und d
020 _a9780521263382
041 _aeng
082 _a658.3 FLES
100 _aFleetwood, Steve; Hesketh, Anthony.
245 _aExplaining the performance of human resource management.
250 _a1
260 _aNew Delhi
_bCambridge University Press
_c2010
300 _axvii,342
650 _aHuman Resource Management(658.3)
999 _c208718
_d208718